000 01340nam a2200349 i 4500
001 75670
003 ES-MaACL
005 20250825062719.0
007 t|
008 040927s1970 sp ||||1| spa d
080 _a929 Lenin, Vladimir Ilyeh
080 _a929 Colón, Cristóbal
080 _a929 Juana de Arco, Santa
245 0 0 _aGrandes biografías.
260 _aMadrid :
_bSelecciones del Reader's Digest,
_c[1970]
300 _a428 p., 3 lám. :
_bil. col. y n. ;
_c24 cm.
505 8 _aContiene: Vida y muerte de Lenin / Robert Payne ; traducción, Eduardo Meruéndano. Cristóbal Colón / Samuel Eliot Morison ; traducción, Ricardo Vallespín . Juana de Arco / Bigelow Payne ; traducción, Alejandro Sestelo
600 1 4 _aLenin, Vladimir Il'ich,
_d1870-1924
_971523
600 1 4 _aColón, Cristóbal-
_xBiografías.
_939871
600 0 4 _aJuana de Arco,
_cSanta.
_9165346
655 0 _aBiografías
_9176647
700 1 _aPayne, Robert.
_989728
700 1 _aMeruéndano, Eduardo.
_9174123
700 1 _aMorison, Samuel Eliot.
_983580
700 1 _aVallespín, Ricardo.
_9112901
700 1 _aPayne, Albert Bigelow.
_9174124
700 1 _aSestelo, Alejandro.
_9174125
710 2 _aSelecciones del Reader's Digest.
_96545
852 4 _aES-MaACL
_jC-41344
942 _2udc
999 _c75670
_d75670